Rizikový kapitál - alternatívny zdroj financovania podnikov

Gespeichert in:
Bibliographische Detailangaben
1. Verfasser: Fetisovová, Elena
Körperschaft: Ekonomická univerzita v Bratislave. Fakulta podnikového manažmentu
Format: Buch
Sprache:Slowakisch
Veröffentlicht: Bratislava Vydavateľstvo EKONÓM 2007
Schlagworte:
Tags: Tag hinzufügen
Keine Tags, Fügen Sie das erste Tag hinzu!

MARC

LEADER 00000nam$a2200000$$$4500
001 0054461
005 20240502071628.0
020 |a 978-80-225-2289-2 
041 0 |a slo 
044 |a SK 
245 1 0 |a Rizikový kapitál - alternatívny zdroj financovania podnikov  |c Elena Fetisovová 
264 1 |a Bratislava  |b Vydavateľstvo EKONÓM  |c 2007 
300 |a 96 s. 
610 2 0 |a kapitál rizikový 
610 2 0 |a financovanie podnikov 
610 2 0 |a porovnanie medzinárodné 
610 2 0 |a asociácie 
610 2 0 |a Slovensko 
100 1 |a Fetisovová, Elena 
710 2 |a Ekonomická univerzita v Bratislave. Fakulta podnikového manažmentu